MARC details
| 000 -CABECERA |
| campo de control de longitud fija |
02061nam a2200301 a 4500 |
| 001 - NÚMERO DE CONTROL |
| campo de control |
000048215 |
| 005 - FECHA Y HORA DE LA ÚLTIMA TRANSACCIÓN |
| campo de control |
20240301073825.0 |
| 008 - DATOS DE LONGITUD FIJA--INFORMACIÓN GENERAL |
| campo de control de longitud fija |
181206s2016 dr ac 000 m spa d |
| 020 ## - NÚMERO INTERNACIONAL ESTÁNDAR DEL LIBRO |
| Número Internacional Estándar del Libro |
9789945423396 |
| 040 ## - FUENTE DE LA CATALOGACIÓN |
| Centro catalogador/agencia de origen |
DO-SdBNP |
| Lengua de catalogación |
spa |
| Centro/agencia transcriptor |
BNPHU |
| 082 ## - NÚMERO DE LA CLASIFICACIÓN DECIMAL DEWEY |
| Número de clasificación |
xxxx |
| Número de documento/Ítem |
xxxx |
| 245 04 - MENCIÓN DE TÍTULO |
| Título |
Una mirada a la inmigración española de 1939-40 en Santo Domingo : |
| Resto del título |
disertaciones presentadas en la Univesidad APEC semanas de España en la República Dominicana 2015 / |
| Mención de responsabilidad, etc. |
José del Castillo Pichardo ... [et al.] ; Presentación, Francisco D' Oleo ; Introducción, Jaime Lacadena. |
| 260 ## - PUBLICACIÓN, DISTRIBUCIÓN, ETC. |
| Lugar de publicación, distribución, etc. |
Santo Domingo : |
| Nombre del editor, distribuidor, etc. |
Universidad APEC, |
| Fecha de publicación, distribución, etc. |
2016. |
| 300 ## - DESCRIPCIÓN FÍSICA |
| Extensión |
141 p. : |
| Otras características físicas |
ii., retrs. ; |
| Dimensiones |
23 cm. |
| 505 0# - NOTA DE CONTENIDO CON FORMATO |
| Nota de contenido con formato |
Presentación, Francisco D' Oleo -- |
| Título |
Introducción, Jaime Lacadena -- |
| -- |
Impacto de la inmigración española de 1939-40 en la sociedad dominicana -- |
| Mención de responsabilidad |
José del Castillo Pichardo -- |
| Título |
El exilio republicano en Santo Domingo y sus aportes / |
| Mención de responsabilidad |
Natalia González Tejera -- |
| Título |
En tierras extrañas. El arribo y adaptación de refugiados españoles a Santo Domingo, 1939-1946 / |
| Mención de responsabilidad |
Bernardo Vega -- |
| Título |
La migración española de 1939 y su impacto sobre los dominicanos / |
| -- |
Una mirada a la influencia en el arte y el pensamiento social dominicano -- |
| Mención de responsabilidad |
Laura Gil Fiallo -- |
| Título |
Influencia española en el arte dominicano / |
| Mención de responsabilidad |
Andrés L. Mateo -- |
| Título |
¿Qué trajeron los intelectuales españoles? / |
| Mención de responsabilidad |
Diógenes Céspedes -- |
| Título |
Segundo Serrano Poncela: un enigma para siete ciudades / |
| -- |
Sobres los autores -- |
| 500 ## - NOTA GENERAL |
| Nota general |
Incluye referencias bibliográficas y notas al pie de las páginas. |
| 590 ## - NOTA LOCAL (RLIN) |
| Nota local |
Inventariado, 2019/LP |
| 700 1# - PUNTO DE ACCESO ADICIONAL--NOMBRE DE PERSONA |
| Nombre de persona |
D' Oleo, Francisco, |
| Término indicativo de función/relación |
Present. |
| 9 (RLIN) |
75655 |
| 700 1# - PUNTO DE ACCESO ADICIONAL--NOMBRE DE PERSONA |
| Nombre de persona |
Lacadena, Jaime, |
| Término indicativo de función/relación |
Introd. |
| 9 (RLIN) |
75656 |
| 700 1# - PUNTO DE ACCESO ADICIONAL--NOMBRE DE PERSONA |
| Nombre de persona |
Castillo Pichardo, José del |
| 9 (RLIN) |
43246 |
| 700 1# - PUNTO DE ACCESO ADICIONAL--NOMBRE DE PERSONA |
| Nombre de persona |
González Tejera, Natalia |
| 9 (RLIN) |
55788 |
| 700 1# - PUNTO DE ACCESO ADICIONAL--NOMBRE DE PERSONA |
| Nombre de persona |
Gil Fiallo, Laura. |
| 9 (RLIN) |
26642 |
| 700 1# - PUNTO DE ACCESO ADICIONAL--NOMBRE DE PERSONA |
| Nombre de persona |
Mateo, Andrés L., |
| Fechas asociadas al nombre |
1946- |
| 9 (RLIN) |
776 |
| 700 1# - PUNTO DE ACCESO ADICIONAL--NOMBRE DE PERSONA |
| Nombre de persona |
D' Oleo, Francisco, |
| Término indicativo de función/relación |
Present. |
| 9 (RLIN) |
75655 |
| 700 1# - PUNTO DE ACCESO ADICIONAL--NOMBRE DE PERSONA |
| Nombre de persona |
Lacadena, Jaime, |
| Término indicativo de función/relación |
Introd. |
| 9 (RLIN) |
75656 |
| 700 1# - PUNTO DE ACCESO ADICIONAL--NOMBRE DE PERSONA |
| Nombre de persona |
Vega, Bernardo, |
| Fechas asociadas al nombre |
1938 - |
| 9 (RLIN) |
3222 |
| 700 1# - PUNTO DE ACCESO ADICIONAL--NOMBRE DE PERSONA |
| Nombre de persona |
Céspedes, Diógenes, |
| Fechas asociadas al nombre |
1941- |
| 9 (RLIN) |
20548 |